Deutschland nach Buchstabe - G - Statistiken

Allgemein
  • Dieses Quiz wurde 89 mal gespielt
  • Das Durchschnittsergebnis liegt bei 14 aus 20
Antwortstatistiken
Hinweis Antwort % Korrekt
Ostthüringische Universitätsstadt an der Weißen Elster, ehemalige Residenzstadt des Fürstentums Reuß Gera
95%
Ruhrpottstadt, Heimat des FC Schalke 04 Gelsenkirchen
94%
Mainzer Erfinder des Buchdrucks mit beweglichen Lettern Johannes Gutenberg
92%
Universitätsstadt im Süden von Niedersachsen bei Kassel Göttingen
90%
Deutscher Popsänger (Männer, Mensch, Bochum, Zeit das sich was dreht) Herbert Grönemeyer
90%
Baustil vom Kölner Dom, dem Ulmer Münster und der Lübecker Marienkirche Gotik
86%
Aktuelle Verfassung der Bundesrepublik Deutschland Grundgesetz
84%
Kreisstadt an der Lahn mit Justus-Liebig-Universität Gießen
72%
Deutscher Literaturnobelpreisträger (Die Blechtrommel, Der Butt, Beim Häuten der Zwiebel) Günter Grass
71%
Heterogene Kulturgruppe, die während der Antike in weiten Teilen Deutschlands beheimatet war Germanen
69%
Universitäts- und Küstenstadt in Vorpommern zwischen Rügen und Usedom Greifswald
67%
Östlichste Stadt Deutschlands in Sachsen, beliebte Filmkulisse Görlitz
65%
Niedersächsischer Mathematiker, Beiträge zu Integralsätzen, Normalverteilungen, Summenformeln uvm Carl Friedrich Gauß
58%
NRW-Stadt im Oberbergischen Land mit erfolgreicher Handball-Mannschaft Gummersbach
58%
An diesem Ort im Wendland soll ein Atommüll-Endlager entstehen Gorleben
57%
Propagandaminister im Dritten Reich, Veranlasser der Reichskristallnacht Joseph Goebbels
54%
In dieser thüringischen ehemaligen Residenzstadt wurde die Vorgängerpartei der SPD gegründet Gotha
53%
Kupfer- und Silberbergbaustadt mit Kaiserpfalz in Niedersachsen im Harz Goslar
49%
Bezeichnung für die Zeit nach der Reichseinigung 1871, in der viele städtische Wohnquartiere entstehen Gründerzeit
33%
Wichtiges spätmittelalterliches Verfassungswerk des Heiligen Römischen Reiches, welches u.a. die Kaiserwahl regelte Goldene Bulle
14%
Keine übereinstimmenden Quizze gefunden
Verteilung der Resultate
Anzahl Personen mit jedem Resultat
Perzentil nach korrekt beantworteten Fragen
Ihre Resultats-Entwicklung
Sie haben dieses Quiz noch nicht gespielt